Satu anugerah

Bibliographic Details
Main Author: Syima Syawal
Format: Book
Published: Selangor : KarnaDya Solutions , 2008
Subjects:

MARC

LEADER 00000cam a2200000 7i4500
001 0000030966
005 20151222.0
008 110426
020 |a 9833316304 
090 0 0 |a JF   |b MAL 
100 0 |a Syima Syawal 
245 1 0 |a Satu anugerah   |c Syima Syawal 
260 |a Selangor :   |b KarnaDya Solutions ,   |c 2008 
500 |a Children ages 10-12 years old (pink) 
650 0 |a Malay fiction 
999 |a 0001059318   |b Book   |c Children Collection   |e Perbadanan Perpustakaan Awam Johor 
999 |a 0001059319   |b Book   |c Children Collection   |e Perbadanan Perpustakaan Awam Johor 
999 |a 0001059320   |b Book   |c Children Collection   |e Perbadanan Perpustakaan Awam Johor